000 00863nam a2200217Ia 4500
003 Ost
005 20260507075111.0
008 260507s9999||||xx |||||||||||||| ||und||
020 _a8057119957
040 _cfsecg
041 _aara
082 _a330
100 _aالسعدون، حميد حمد
_eمؤلف
245 0 _aالعولمة وقضايانا /
_c حميد حمد السعدون
260 _aعمان:
_bدار وائل للنشر والتوزيع,
_c2000
300 _a82 صفحة؛
_c24 سم
504 _aببليوغرافيا:ص.79-82
520 _aالعولمة والدول النامية،العولمة والدولة القومية،العولمة والعرب،العولمة والهوية الثقافية القومية،العولمة المسلحة وعولمة السلاح
653 _aالعولمة
942 _cكتاب
999 _c42914
_d42914